| 000 | 01045cam a22001935a 4500 | ||
|---|---|---|---|
| 001 | L149841 | ||
| 008 | 100504e2010 xxk 000 0 eng d | ||
| 035 | _a(Sirsi) u149841 | ||
| 041 | 0 | _aeng | |
| 100 | 1 | _aShah, Aditi | |
| 245 | 0 | 0 | _aUnsteady AIM |
| 260 | _c2010 | ||
| 490 | 0 |
_aProperty Week _v76(14) 09 April 2010, 16-17(2) |
|
| 520 | _aDespite long-term investor criticism London's Alternative Investment Market (AIM) continues to attract property company flotations with Squarestone Brasil about to become the latest overseas property company addition to the index. The poor performance of the highly geared companies on AIM over the past few years, the value erosion of shareholders' funds and the lack of transparency in accounting, have cast doubts on the real estate sector's future. Table ranks London AIM-listed overseas property funds' 2009-April 2010 share price performance. | ||
| 590 | _aKA | ||
| 651 | 4 |
_aUnited Kingdom _y |
|
| 690 | _aPROPERTY-COMMERCIAL PROPERTY-COMMERCIAL PROPERTY FINANCE AND INVESTMENT | ||
| 942 | _n0 | ||
| 999 |
_c82294 _d82294 |
||